Podniková logistika - prístupy k modelovaniu

Na minha lista:
Detalhes bibliográficos
Autor principal: Gajdoš, Jozef, 1962-2025
Formato: Capítulo de Livro
Idioma:eslovaco
Tags: Adicionar Tag
Sem tags, seja o primeiro a adicionar uma tag!

MARC

LEADER 00000naa$a2200000$$$4500
001 0165350
005 20240502083405.1
041 0 |a slo 
044 |a PL 
245 1 0 |a Podniková logistika - prístupy k modelovaniu  |c Jozef Gajdoš 
100 1 |a Gajdoš, Jozef, 1962-2025